000 00888nam a22002657a 4500
001 7342
003 FISKH
005 20250710085305.0
008 250710b cb ||||| |||| 00| 0 eng d
020 _a9780448452289
040 _aFISKH
_beng
_cFISKH
_dFISKH
050 _aPZ7 .M545453
082 _a509
100 _aWells, Rosemary
245 _aA merry bunny Christmas /
260 _aNew York :
_bGrosset & Dunlap,
_c2002.
300 _a24 pages :
_bcolor illustrations ;
_c21 cm
505 _aC
520 _aIt's Christmas time! Max and Ruby are trimming their tree, but they can't agree on how to decorate it. Max wants to hang toys, but Ruby thinks pretty ornaments are better. Will they ever agree?
521 8 _a100
_bLexile estimate
521 8 _aC
_bRaz-Plus
650 _aPicture book
_vChristmas
_xWinter Holidays
942 _2ddc
_cBK
_n0
999 _c7342
_d7342